|
|
|
|
| LEADER |
00000nam a2200000 a 4500 |
| 001 |
UCR5689 |
| 003 |
CL-VaPUC |
| 008 |
980403e19740000SP |||||||||||||||||spa|d |
| 082 |
0 |
4 |
|a 664.9028
|b PER
|2 21
|
| 100 |
0 |
|
|a Pérez Santamaría, Rafael
|e author
|9 406613
|
| 700 |
0 |
|
|a Tormo Iguacel, José
|e author
|9 406614
|
| 110 |
2 |
|
|a Centro Técnico de la Salazón, Charcutería y Conservas de Carne
|e author
|9 406615
|
| 245 |
1 |
0 |
|a Métodos de análisis de la industria charcutera
|
| 300 |
|
|
|a 152 p
|
| 942 |
|
|
|c BK
|
| 945 |
|
|
|d 19980403 00:00:00
|a crobeson
|
| 260 |
|
|
|a Zaragoza
|b Acribia
|c 1974
|
| 650 |
|
7 |
|a CARNE SECA
|2 CL-VaPUC
|9 406616
|
| 650 |
|
7 |
|a INSPECCION DE LA CARNE
|2 CL-VaPUC
|9 406617
|
| 650 |
|
7 |
|a PRODUCTOS CARNEOS
|2 CL-VaPUC
|9 338602
|
| 650 |
|
7 |
|a PRODUCTOS SECOS
|2 CL-VaPUC
|9 406618
|
| 583 |
|
|
|a last modification
|c 19980403 00:00:00
|k Rodrigo Vera
|
| 999 |
|
|
|c 268150
|d 268148
|
| 952 |
|
|
|0 0
|1 0
|4 0
|6 664_902800000000000_PER_1974
|7 0
|8 A
|9 301080
|a BIBALI
|b BIBALI
|d 2019-11-20
|i 1977407
|o 664.9028 PER 1974
|p 1977407
|r 2025-01-20
|w 2019-11-20
|y BK
|k ALI
|